Todos os jogadores do Plantel do Sport Club Internacional 2026 - Statistics

Estatísticas Gerais
  • Esse quiz foi jogado 19 vezes
  • A pontuação média é 22 de 30
Estatísticas das Respostas
Posição Número da Camisa Time % Correto
GOL 24 Anthoni
100%
ZAG 25 Gabriel Mercado
100%
MEI 10 Alan Patrick
94%
CA 9 Alerrandro
94%
LE 26 Alexandro Bernabei
94%
LD 15 Bruno Gomes
94%
PE 7 Johan Carbonero
94%
CA 19 Rafael Borré
94%
GOL 1 Sergio Rochet
94%
PD 17 Bruno Tabata
88%
VOL 5 Villagra
88%
PE 28 Vitinho
88%
MC 8 Bruno Henrique
81%
ZAG 18 Juninho
81%
VOL 29 Thiago Maia
81%
ZAG 41 Victor Gabriel
81%
VOL 33 Benjamin
75%
LD 35 Braian Aguirre
75%
ZAG 20 Clayton Sampaio
69%
ZAG 4 Félix Torres
69%
LE 6 Matheus Bahia
69%
VOL 16 Ronaldo
69%
MEI 31 Allex
63%
MC 14 Alan Rodríguez
50%
PD 11 Kayky
44%
GOL 22 Kauan
38%
MC 27 Paulinho Paula
38%
VOL 36 Richard
38%
MEI 37 Yago Noal
25%
CA 48 Raykkonen
13%
Nenhum quiz correspondente encontrado
Distribuição das Pontuações
Porcentagem de Pessoas com Cada Pontuação
Percentil de Números Respondidos
Sua Pontuação Histórica
Você não jogou esse quiz